000 00472nam a2200157 4500
001 140283
003 ES-MaACL
005 20230906200040.0
007 t|
008 070214s1966 sp r ||||1| spa d
100 1 _aSeguí Ribes, José.
_9105180
245 1 3 _aEl hombre puede vivir doscientos años /
_cJosé Seguí Ribes.
260 _aBarcelona :
_b[s. n.],
_c1966 (
_fRomero Industria Gráfica)
300 _a313 p. ;
_c19 cm.
852 _aES-MaACL
_jG-15908
_bR.70236
999 _c140283
_d140283